000 01084nam a22002057a 4500
999 _c64055
_d64055
003 Ge_BSU
005 20260316174434.0
008 260316s1970 ge ||||| |||| 00| 0 geo d
041 _ageo
080 _a330.1(075.8) გ-74
100 _aგოშაძე, გივი
_9864
245 _aსოციალიზმის კომუნიზმში გადაზრდის ეკონომიური კანონზომიერებანი :
_b[დამხმ. სახელმძღვ. სტუდენტებისათვის] /
_cგივი გოშაძე.
264 _aთბილისი :
_bთბილ. უნ-ტის გამ-ბა,
_c1970.
300 _a134 გვ. ;
_b21 სმ.
504 _aბიბლიოგრ: გვ. 133-134.
653 _aურბანული ეკონომიკა
653 _aსოციალისტური წარმოების წესი
653 _aკომუნისტური წარმოების წესი
942 _2udc
_cᲬᲘᲒᲜᲘ